Памятники фольклора монгольских народов. Т. 8: Пословицы и поговорки (Запись № 11828459)

Подробности
000 -МАРКЕР
контрольное поле 01932nam2a2200349 4500
001 - ИДЕНТИФИКАТОР ЗАПИСИ
контрольное поле RU\NLR\BIBL_A\011792220
005 - ИДЕНТИФИКАТОР ВЕРСИИ
контрольное поле 20181011111005.0
010 ## - МЕЖДУНАРОДНЫЙ СТАНДАРТНЫЙ НОМЕР КНИГИ (ISBN)
Номер (ISBN) 978-5-9208-0553-9
Тираж 300
021 ## - НОМЕР ГОСУДАРСТВЕННОЙ РЕГИСТРАЦИИ
Код страны Российская Федерация
Номер КН-П-18-058739
Номер Листа государственной регистраци КН-П-18-4230
035 ## - ДРУГИЕ СИСТЕМНЫЕ НОМЕРА
Идентификатор записи (NLR Aleph) 011792220
100 ## - ДАННЫЕ ОБЩЕЙ ОБРАБОТКИ
Данные общей обработки 20180906d2018 k y0rusy50 ca
101 0# - ЯЗЫК РЕСУРСА
Язык текста, звукозаписи и т.д. русский
-- калмыцкий
-- бурятский
-- монгольский
Язык резюме английский
Язык оглавления русский
-- английский
102 ## - СТРАНА ПУБЛИКАЦИИ ИЛИ ПРОИЗВОДСТВА
Страна публикации Российская Федерация
105 ## - ПОЛЕ КОДИРОВАННЫХ ДАННЫХ: ТЕКСТОВЫЕ МАТЕРИАЛЫ, МОНОГРАФИЧЕСКИЕ
Кодированные данные о монографическом текстовом документе ac||z|||000zy
200 1# - ЗАГЛАВИЕ И СВЕДЕНИЯ ОБ ОТВЕТСТВЕННОСТИ
Основное заглавие Пословицы и поговорки
Параллельное заглавие Proverbs and sayings
Сведения, относящиеся к заглавию на калмыцком, бурятском, монгольском языках
Первые сведения об ответственности [сост.: А. Алимаа и др.]
Язык параллельного заглавия английский
210 ## - ПУБЛИКАЦИЯ, РАСПРОСТРАНЕНИЕ И ДР.
Дата издания, распространения и т.д. 2018
215 ## - ФИЗИЧЕСКАЯ ХАРАКТЕРИСТИКА
Специфическое обозначение материала и объем 628 с.
Другие сведения о физической характеристике ил., портр.
300 ## - ОБЩИЕ ПРИМЕЧАНИЯ
Текст примечания Рез. англ.
320 ## - ПРИМЕЧАНИЯ О НАЛИЧИИ В ДОКУМЕНТЕ БИБЛИОГРАФИИ / УКАЗАТЕЛЯ
Текст примечания Библиогр. в конце разд.
461 #0 - УРОВЕНЬ НАБОРА
Встроенное поле 001RU\NLR\BIBL_A\011105529
-- 2001#$aПамятники фольклора монгольских народов$dFolklore heritage of Mongolian peoples$e[в 10-ти т.]$fФГБОУ Калмыц. гос. ун-т [и др.$gсост.: Николай Цеденович Биткеев, д.филол.н., проф., засл. деят. науки Респ. Калмыкия]$zeng$vТ. 8
Системный номер (АБИС) связанной записи 11444672
Место публикации Москва
Дата публикации 2015
Первые сведения об ответственности ФГБОУ Калмыц. гос. ун-т [и др.
Параллельное заглавие Folklore heritage of Mongolian peoples
Имя издателя, распространителя и т.д. ИМЛИ РАН
Сведения, относящиеся к заглавию [в 10-ти т.]
Заглавие Памятники фольклора монгольских народов
ISBN 9785920804747
Номер тома Т. 8
510 1# - ПАРАЛЛЕЛЬНОЕ ЗАГЛАВИЕ
Параллельное заглавие Proverbs and sayings
Язык заглавия английский
606 1# - НАИМЕНОВАНИЕ ТЕМЫ КАК ПРЕДМЕТ
Наименование темы Пословицы и поговорки монгольских народов
Системный номер авторитетной/нормативной записи 2382237
Идентификатор авторитетной/нормативной записи RU\NLR\AUTH\6601642137
686 1# - ИНДЕКСЫ ДРУГИХ КЛАССИФИКАЦИЙ
Индекс Ш3(0)964-651.0
702 #1 - ИМЯ ЛИЦА - ВТОРИЧНАЯ ОТВЕТСТВЕННОСТЬ
Начальный элемент ввода Алимаа
Часть имени, кроме начального элемента ввода А.
Код отношения Составитель
852 ## - МЕСТОНАХОЖДЕНИЕ И ШИФР ХРАНЕНИЯ
Идентификатор организации NLR
Наименование фонда или коллекции (Sub-Location Identifier) ОНЛ
Шифр хранения (Call Number) Калм./3-706
942 ## - ДОПОЛНИТЕЛЬНЫЕ ЭЛЕМЕНТЫ ЗАПИСИ (АБИС)
Тип экземпляра АБИС Книга
980 ## - КОЛЛЕКЦИЯ
Название коллекции НБР
980 ## - КОЛЛЕКЦИЯ
Название коллекции Национальная библиография

Нет доступных экземпляров.